=LDR 00000nam 2200000 4500 =001 INLIS000000000023960 =005 20130612122557 =008 ***********************************Ind** =035 ##$$0010-061300000023960 =041 ##$$a Ind =082 ##$$a 512.943 4 =090 ##$$a 512.943 4, Ayr t =100 ##$$a Ayres, Frank =245 ##$$a Teori dan soal-soal matriks (versi SI/metrik), Frank Ayres, JR =260 ##$$a 1992 $b Jakarta =300 ##$$a 220 hlm, ilus, 21 cm =650 ##$$a Matriks =850 ##$$a NBPNMAT